| 000 | 00809nam a22001817a 4500 | ||
|---|---|---|---|
| 005 | 20241004112031.0 | ||
| 010 | _aHIN-128521 | ||
| 020 |
_a9789359642635 _c200.00 |
||
| 035 | _aHN-100867 | ||
| 037 | _bDBAD | ||
| 082 | _aक | ||
| 100 |
_aजोशी, हिमांशु _972362 |
||
| 245 |
_aतुम्हारे शहर में तथा अन्य कहानियां / _cहिमांशु जोशी |
||
| 260 |
_aनई दिल्ली _bडायमंड पॉकेट बुक्स _c2024 |
||
| 270 |
_aX-30, ओखला इंडस्ट्रियल एरिया, फेज-2 _bनई दिल्ली _e110020 _k011-40712200 _msales@dpb.in |
||
| 300 |
_a176 पृ. _c22 सेमी (अजिल्द) |
||
| 942 |
_cHN _2ddc _hक _mजोशीहि |
||
| 999 |
_c206096 _d206096 |
||